লালন শাহ্ ও লালন-গীতিকা / (Record no. 38087)
[ view plain ]
| 000 -LEADER | |
|---|---|
| fixed length control field | 01025nam a2200253 a 4500 |
| 001 - CONTROL NUMBER | |
| control field | 38087 |
| 003 - CONTROL NUMBER IDENTIFIER | |
| rucl marc code | BD-RjUL |
| 005 - DATE AND TIME OF LATEST TRANSACTION | |
| control field | 20211209052724.0 |
| 008 - FIXED-LENGTH DATA ELEMENTS--GENERAL INFORMATION | |
| fixed length control field | 150908s1968 bg a|||| |||| 001 0 ben d |
| 035 ## - SYSTEM CONTROL NUMBER | |
| System control number | (BD-RjUL)38192 |
| 040 ## - CATALOGING SOURCE | |
| Original cataloging agency | BD-RjUL |
| Transcribing agency | BD-RjUL |
| Language of cataloging | ben |
| 041 ## - LANGUAGE CODE | |
| Language code of text/sound track or separate title | ben |
| 082 ## - DEWEY DECIMAL CLASSIFICATION NUMBER | |
| Classification number | 398.092 |
| Author mark and year | ABL 1968 |
| 100 ## - MAIN ENTRY--PERSONAL NAME | |
| Personal name | আবূতালিব, মুহম্মদ |
| 9 (RLIN) | 117902 |
| 245 ## - TITLE STATEMENT | |
| Title | লালন শাহ্ ও লালন-গীতিকা / |
| Statement of responsibility, etc. | মুহম্মদ আবূতালিব. |
| 260 ## - PUBLICATION, DISTRIBUTION, ETC. (IMPRINT) | |
| Place of publication, distribution, etc. | ঢাকা : |
| Name of publisher, distributor, etc. | বাংলা একাডেমী, |
| Date of publication, distribution, etc. | ১৯৬৮. |
| 300 ## - PHYSICAL DESCRIPTION | |
| Pagination | ৬৩০ পৃ. ; |
| Size | ২২ সেমি. |
| 504 ## - BIBLIOGRAPHY, ETC. NOTE | |
| Bibliography, etc | গ্রন্থপঞ্জি ও নির্ঘন্ট সংযুক্ত্. |
| 505 0# - FORMATTED CONTENTS NOTE | |
| Formatted contents note | খণ্ড ১ -- খণ্ড ২ -- |
| 600 ## - SUBJECT ADDED ENTRY--PERSONAL NAME | |
| Personal name | লালন শাহ্ |
| Dates associated with a name | ১৭৭৪-১৮৯০ |
| General subdivision | জীবনী |
| Personal name | Lalana Saha |
| Dates associated with a name | 1774-1890 |
| General subdivision | Biography |
| Personal name | Bauls |
| General subdivision | Biography |
| 942 ## - ADDED ENTRY ELEMENTS (KOHA) | |
| Source of classification or shelving scheme | Dewey Decimal Classification |
| Koha item type | Books |
| Lost status | Source of classification or shelving scheme | Damaged status | Not for loan | Collection code | Permanent Location | Current Location | Shelving location | Date acquired | Source of acquisition | Cost, normal purchase price | Total Checkouts | Full call number | Date last seen | Copy number | Koha item type |
|---|---|---|---|---|---|---|---|---|---|---|---|---|---|---|---|
| Dewey Decimal Classification | Non-fiction | Central Library, University of Rajshahi | Central Library, University of Rajshahi | 03/01/1969 | গ্রন্থাকার | 11.00 | B 398.092 ABL V-2 1968 | 08/09/2015 | C-3 | Books | |||||
| Dewey Decimal Classification | Non-fiction | Central Library, University of Rajshahi | Central Library, University of Rajshahi | 02/01/1975 | বাংলা একাডেমী, ঢাকা | 11.00 | B 398.092 ABL V-2 1968 | 12/09/2015 | C-2 | Books | |||||
| Dewey Decimal Classification | Non-fiction | Central Library, University of Rajshahi | Central Library, University of Rajshahi | 03/01/1969 | গ্রন্থাকার | 15.00 | B 398.092 ABL V-2 1968 | 09/08/2016 | C-4 | Books | |||||
| Dewey Decimal Classification | Non-fiction | Central Library, University of Rajshahi | Central Library, University of Rajshahi | 03/01/1969 | গ্রন্থাকার | 15.00 | B 398.092 ABL V-2 1968 | 09/08/2016 | C-5 | Books | |||||
| Dewey Decimal Classification | Non-fiction | Central Library, University of Rajshahi | Central Library, University of Rajshahi | 02/01/1969 | Rajshahi Heritage, Rajshahi | 55.60 | B 398.092 ABL V-2 1968 | 24/11/2016 | C-6 | Books | |||||
| Dewey Decimal Classification | Not For Loan | Non-fiction | Central Library, University of Rajshahi | Central Library, University of Rajshahi | Reading Room | 02/01/1975 | Bangla Academy, Dhaka | 12.75 | B 398.092 ABL V-1 1968 | 29/01/2017 | C-1 | Books |